[Event "Washington State Invitational"]
[Site "Redmond"]
[Date "2016.02.14"]
[Round "7"]
[White "Dhingra, Sangeeta"]
[Black "Olin, Neo Edward"]
[Result "1/2-1/2"]
[WhiteElo "1653"]
[BlackElo "2041"]
[PlyCount "46"]
[EventDate "2016.02.06"]
[EventType "tourn"]
[EventRounds "9"]
[EventCountry "USA"]
[SourceTitle "EXT 2018"]
[Source "ChessBase"]
[SourceDate "2017.10.13"]
[SourceVersion "1"]
[SourceVersionDate "2017.10.13"]
[SourceQuality "1"]

1. e4 e6 2. d4 d5 3. Nc3 Bb4 4. e5 c5 5. a3 Bxc3+ 6. bxc3 Qc7 7. Bd2 Ne7 8. f4 Bd7 9. Nf3 Ba4 10. Rb1 cxd4 11. Nxd4 a6 12. Bd3 b5 13. Qh5 g6 14. Qh6 Nbc6 15. Qg7 Rf8 16. Qxh7 0-0-0 17. Qh4 Na5 18. Qf2 Nc4 19. Bxc4 Qxc4 20. Rb2 Qc7 21. 0-0 Rh8 22. Nb3 Nc6 23. Be3 Bxb3 1/2-1/2

[Event "Washington State Invitational"]
[Site "Redmond"]
[Date "2016.02.07"]
[Round "3"]
[White "Bishop, Alan"]
[Black "Dhingra, Sangeeta"]
[Result "0-1"]
[WhiteElo "1886"]
[BlackElo "1653"]
[PlyCount "98"]
[EventDate "2016.02.06"]
[EventType "tourn"]
[EventRounds "9"]
[EventCountry "USA"]
[SourceTitle "EXT 2018"]
[Source "ChessBase"]
[SourceDate "2017.10.13"]
[SourceVersion "1"]
[SourceVersionDate "2017.10.13"]
[SourceQuality "1"]

1. e4 c5 2. Nf3 e6 3. Nc3 Nc6 4. d4 cxd4 5. Nxd4 Qc7 6. f4 d6 7. Be3 a6 8. Be2 Nf6 9. Bf3 Nxd4 10. Qxd4 e5 11. Qd2 b5 12. 0-0 Bb7 13. Rae1 Be7 14. Qf2 0-0 15. Bb6 Qc4 16. fxe5 dxe5 17. Nd5 Bxd5 18. b3 Qc8 19. exd5 Nd7 20. Be3 Bd6 21. Bg4 Qc7 22. c4 Nc5 23. Rc1 Nd3 24. Qc2 Nxc1 25. Bxc1 g6 26. Bh6 Rfe8 27. Rc1 e4 28. c5 Bxh2+ 29. Kh1 f5 30. d6 Bxd6 31. cxd6 Qxc2 32. Rxc2 fxg4 33. Bg5 e3 34. d7 e2 35. dxe8Q+ Rxe8 36. Bh4 e1Q+ 37. Bxe1 Rxe1+ 38. Kh2 Re6 39. Kg3 h5 40. Kh4 Kg7 41. a4 bxa4 42. bxa4 Kh6 43. Rc5 Re4 44. Ra5 g5+ 45. Kg3 h4+ 46. Kh2 g3+ 47. Kh3 Kh5 48. Rxg5+ Kxg5 49. a5 Kf4 0-1

[Event "Washington op"]
[Site "Lynnwood"]
[Date "2015.05.23"]
[Round "2"]
[White "Bragg, David R"]
[Black "Dhingra, Sangeeta"]
[Result "1-0"]
[WhiteElo "2128"]
[BlackElo "1610"]
[PlyCount "77"]
[EventDate "2015.05.23"]
[EventType "swiss"]
[EventRounds "6"]
[EventCountry "USA"]
[SourceTitle "EXT 2017"]
[Source "ChessBase"]
[SourceDate "2016.10.25"]
[SourceVersion "1"]
[SourceVersionDate "2016.10.25"]
[SourceQuality "1"]

1. e4 c5 2. Ne2 e6 3. d4 cxd4 4. Nxd4 Nc6 5. c4 d6 6. Nc3 Nf6 7. Be3 Be7 8. Be2 a6 9. g4 Nxd4 10. Qxd4 e5 11. Qd1 Be6 12. Rc1 Qa5 13. 0-0 0-0 14. f3 Rac8 15. Qa4 Qxa4 16. Nxa4 Nd7 17. b4 g6 18. Rfd1 f5 19. h3 fxe4 20. fxe4 Rc7 21. Nb2 Rfc8 22. a4 a5 23. Bd2 axb4 24. Bxb4 Nc5 25. Bxc5 Rxc5 26. Rc3 d5 27. exd5 Bxd5 28. Re3 Bf7 29. Rd7 R5c7 30. Rxc7 Rxc7 31. Rxe5 Bc5+ 32. Kg2 Bd4 33. Rb5 Bxb2 34. Rxb2 Bxc4 35. Bf3 Ba6 36. Kg3 Rc4 37. Bd5+ Kg7 38. Bxc4 Bxc4 39. Rxb7+ 1-0

[Event "Toronto NAYCC U14 Girls"]
[Site "Toronto"]
[Date "2013.08.17"]
[Round "7"]
[White "Roque Sola, Maria Fernanda"]
[Black "Dhingra, Sangeeta"]
[Result "1/2-1/2"]
[WhiteElo "1544"]
[BlackElo "1803"]
[PlyCount "76"]
[EventDate "2013.08.14"]
[EventType "swiss"]
[EventRounds "9"]
[EventCountry "CAN"]
[SourceTitle "EXT 2022"]
[Source "ChessBase"]
[SourceDate "2021.10.06"]
[SourceVersion "1"]
[SourceVersionDate "2021.10.06"]
[SourceQuality "1"]

1. c4 e5 2. Nc3 Nf6 3. Nf3 d6 4. g3 Be6 5. d3 Nbd7 6. Bg2 c6 7. 0-0 Be7 8. Ng5 Bf5 9. h3 h6 10. Nf3 0-0 11. Bd2 Re8 12. Qc1 Bf8 13. e4 Bh7 14. Be3 Rc8 15. Qd2 b6 16. a3 Nc5 17. Qd1 Ne6 18. Rc1 Nc7 19. Qa4 d5 20. cxd5 cxd5 21. exd5 Ncxd5 22. Nxd5 Nxd5 23. Rxc8 Qxc8 24. Rc1 Qb8 25. Bd2 Rd8 26. Qb3 Bc5 27. d4 exd4 28. Nxd4 Bxd4 29. Bxd5 Bg6 30. Rc6 Rd6 31. Bf4 Qe8 32. Rc1 Rd8 33. Kf1 Qd7 34. Bg2 Bc5 35. Kg1 Bf5 36. g4 Be6 37. Qc2 h5 38. b4 Be7 1/2-1/2

[Event "Toronto NAYCC U14 Girls"]
[Site "Toronto"]
[Date "2013.08.17"]
[Round "6"]
[White "Serban, Diana"]
[Black "Dhingra, Sangeeta"]
[Result "1/2-1/2"]
[WhiteElo "1253"]
[BlackElo "1803"]
[PlyCount "56"]
[EventDate "2013.08.14"]
[EventType "swiss"]
[EventRounds "9"]
[EventCountry "CAN"]
[SourceTitle "EXT 2022"]
[Source "ChessBase"]
[SourceDate "2021.10.06"]
[SourceVersion "1"]
[SourceVersionDate "2021.10.06"]
[SourceQuality "1"]

1. d4 Nf6 2. c4 e6 3. Nf3 d5 4. Bg5 Be7 5. Nc3 b6 6. e3 Bb7 7. Bd3 Nbd7 8. 0-0 h6 9. Bh4 0-0 10. Rc1 Ne4 11. Bxe7 Qxe7 12. cxd5 exd5 13. Qc2 Ndf6 14. a3 Nxc3 15. Qxc3 Rac8 16. Rc2 Ne4 17. Bxe4 dxe4 18. Nd2 f5 19. Rfc1 Kh7 20. b4 h5 21. Nc4 h4 22. Ne5 h3 23. g3 Qg5 24. Qb3 Qe7 25. Nc6 Bxc6 26. Rxc6 Rf6 27. Kf1 Rd6 28. Qc4 Rxc6 1/2-1/2